[Event "VAM Hoogeveen op"]
[Site "Hoogeveen"]
[Date "1998.10.19"]
[Round "4"]
[White "Westerinen, Heikki MJ"]
[Black "Porrasmaa, Timo"]
[Result "1-0"]
[WhiteElo "2435"]
[BlackElo "2095"]

1.e4 c5 2.Nc3 Nc6 3.Nge2 g6 4.g3 Bg7 5.Bg2 Nf6 6.O-O O-O 7.Nd5 Nxd5 8.exd5 Ne5
9.d4 cxd4 10.Nxd4 d6 11.h3 Bd7 12.b3 Qc8 13.Kh2 Qc3 14.Be3 Rfc8 15.Re1 Be8
16.Rc1 a6 17.Ne2 Qb2 18.a4 b5 19.Bd4 Qa2 20.axb5 Bxb5 21.f4  1-0

[Event "BL9899 (Women)"]
[Site "Germany"]
[Date "1998.10.24"]
[Round "1.1"]
[White "Lalic, Susan"]
[Black "Borulia, Ekaterina"]
[Result "1/2-1/2"]
[WhiteElo "2350"]
[BlackElo "2370"]

1.e4 c5 2.Nc3 Nc6 3.Bb5 Nd4 4.Bc4 g6 5.Nce2 Bg7 6.c3 Nc6 7.d4 cxd4 8.Nf3 dxc3
9.Nxc3 d6 10.O-O Nf6 11.e5 dxe5 12.Qxd8+ Nxd8 13.Nxe5 O-O 14.Be3 Be6 15.Be2 Nd5
16.Nxd5 Bxd5 17.Nd7 Re8 18.Rad1 Bc6 19.b3 Ne6 20.Bc4 Red8 21.Nc5 Nd4 22.Bg5 b6
23.Na6 Rd7 24.Nb4 Bb7 25.Nc2 Rad8 26.Nxd4 Bxd4 27.Rde1 Kf8 28.Bb5 Rc7 29.Bf4 Rc2
30.Bh6+ Kg8 31.Rxe7 Bd5 32.Rxa7 Bc5 33.Bg5 Ra8 34.Rxa8+ Bxa8 35.Bc4 Kg7 36.a4 Bc6
37.Bf4 Kf6 38.Be3 Bxa4 39.Bxc5 bxc5 40.bxa4 Rxc4 41.Ra1 Rd4 42.a5 c4 43.Kf1 c3
44.Ke2 c2 45.a6 Ra4  1/2-1/2

[Event "Wch U18 Girls"]
[Site "Oropesa del Mar"]
[Date "1998.10.27"]
[Round "3"]
[White "Paehtz, Elisabeth"]
[Black "Moncayo, Evelyn"]
[Result "1-0"]
[WhiteElo "2230"]
[BlackElo "2100"]

1.e4 c5 2.Nc3 Nc6 3.Nge2 d6 4.d4 cxd4 5.Nxd4 a6 6.Be3 Nf6 7.f3 e6 8.Qd2 Qc7
9.g4 Ne5 10.g5 Nfd7 11.f4 Nc4 12.Bxc4 Qxc4 13.O-O-O b5 14.Kb1 b4 15.Nce2 Bb7
16.Ng3 a5 17.Rhe1 Nc5 18.Bg1 Be7 19.f5 e5 20.f6 gxf6 21.Ndf5 Nxe4 22.Nxe4 Bxe4
23.Nxe7 Qxc2+ 24.Qxc2 Bxc2+ 25.Kxc2 Kxe7 26.gxf6+ Ke6 27.Re2 Rhg8 28.Red2 Ra6
29.Kb3 d5 30.Re1 Rg4 31.Bd4 Re4 32.Rxe4 dxe4 33.Bc5 Kxf6 34.Rd6+ Rxd6 35.Bxd6 e3
36.Kc2 Kf5 37.Kd3 Kf4 38.Ke2 Ke4 39.Bc5 a4 40.Bxe3 b3 41.a3 f5 42.Bd2 f4
43.Bc3 h6 44.Bb4 h5 45.Bc3 Kf5 46.Kd3 e4+ 47.Kd4 e3 48.Be1 Kg4 49.Ke4 Kg5
50.h3  1-0

[Event "Najdorf op"]
[Site "Buenos Aires"]
[Date "1998.10.29"]
[Round "6"]
[White "Milos, Gilberto"]
[Black "Krasenkow, Michal"]
[Result "1/2-1/2"]
[WhiteElo "2575"]
[BlackElo "2655"]

1.e4 c5 2.Nf3 Nc6 3.Nc3 e5 4.Bc4 Be7 5.d3 d6 6.h3 Nf6 7.Bg5 O-O 8.O-O Kh8
9.a3 h6 10.Bxf6 Bxf6 11.Nd5 g6 12.Nxf6 Qxf6 13.b4 Nd4 14.Nxd4 cxd4 15.Bd5 Rb8
16.Qd2 g5 17.Rac1 Be6 18.Bxe6 fxe6 19.c3 Rf7 20.cxd4 exd4 21.Rc2 Rg8 22.Rfc1 g4
23.hxg4 Rxg4 24.Rc7 Rxg2+  1/2-1/2

[Event "Tilburg Fontys"]
[Site "Tilburg"]
[Date "1998.10.29"]
[Round "6"]
[White "Svidler, Peter"]
[Black "Van Wely, Loek"]
[Result "1-0"]
[WhiteElo "2710"]
[BlackElo "2635"]

1.e4 c5 2.Nf3 Nc6 3.Nc3 g6 4.Bb5 Bg7 5.O-O d6 6.e5 dxe5 7.Bxc6+ bxc6 8.Re1 Qc7
9.d3 Nf6 10.Nxe5 Nd5 11.Qe2 Nxc3 12.bxc3 Qxe5 13.Qxe5 Bxe5 14.Rxe5 c4 15.dxc4 f6
16.Rc5 Bd7 17.Ra5 Kf7 18.Be3 Bf5 19.Rb1 Bxc2 20.Rb7 Rhb8 21.Rxb8 Rxb8 22.h4 Rb7
23.Bxa7 Bd3 24.Bc5 Bxc4 25.a4 Ke6 26.Ra8 Kd5 27.Be3 Rb1+ 28.Kh2 Ra1 29.a5 c5
30.Ra7 Kd6 31.Bh6 Bd5 32.Bf4+ e5 33.Bh6 Ra2 34.Ra6+ Ke7 35.Be3 c4 36.Bc5+ Kf7
37.Rd6 Be4 38.a6 f5 39.a7 f4 40.Rd7+ Ke6 41.Rxh7 Bc6 42.Rh6 Be4 43.Rh8 Kd7
44.Bb6 Ra6 45.Rd8+ Ke7 46.f3 Bc6 47.Rg8 Kf7 48.Rc8 Bd5 49.Rd8 Ke6 50.Bc5 Bb7
51.Kh3 Ra5 52.Re8+ Kf5 53.Bd6 Bc6 54.Rxe5+ Rxe5 55.Bxe5 Kxe5 56.Kg4 Kf6 57.Kxf4 Bb7
58.g4 Bc6 59.Ke3 Ke5 60.f4+  1-0

[Event "Chigorin mem"]
[Site "St. Petersburg"]
[Date "1998.11.01"]
[Round "2"]
[White "Kupreichik, Viktor D"]
[Black "Krasnov, Vasiliy G"]
[Result "1-0"]
[WhiteElo "2505"]
[BlackElo "2265"]

1.e4 c5 2.Nc3 Nc6 3.Nf3 e5 4.Bc4 h6 5.d3 d6 6.Nd5 a6 7.c3 Na5 8.b4 Nxc4 9.dxc4 cxb4
10.Be3 Be6 11.Bb6 Qc8 12.Nc7+ Ke7 13.Nxa8 Qxa8 14.Bc7 f6 15.Bxd6+ Kf7 16.Bxb4 Bxc4
17.Nd2 Be6 18.O-O Ne7 19.Nb3 b6 20.Qh5+ g6 21.Qe2 g5 22.Rad1 a5 23.Ba3 a4
24.Nc1 h5 25.Rfe1 Qc6 26.Qb2 Nc8 27.Bxf8 Rxf8 28.Nd3 h4 29.h3 g4 30.Nb4 Qc5
31.hxg4 Bxg4 32.Rd3 Rg8 33.Qd2 Qf8 34.Nc6 Qg7 35.Rd8 Kg6 36.Re3 Be6 37.a3 Qc7
38.Rxg8+ Bxg8 39.Nb4 Nd6 40.Qd1 Be6 41.Qxa4 Nc4 42.Rd3 Nb2 43.Qe8+ Bf7 44.Rd7 Bxe8
45.Rxc7 b5 46.Nd5 Na4 47.Ra7 Kg5 48.Rg7+ Kh6 49.Re7 Bg6 50.f3 Nc5 51.Nxf6  1-0

[Event "African Individual"]
[Site "Cairo"]
[Date "1998.11.02"]
[Round "1"]
[White "Hassan, Sayed Barakat"]
[Black "Adu, Oladapo"]
[Result "0-1"]
[WhiteElo "2330"]
[BlackElo "2230"]

1.e4 c5 2.Nc3 Nc6 3.Nf3 g6 4.d4 cxd4 5.Nxd4 Bg7 6.Be3 Nf6 7.Bc4 d6 8.f3 Bd7
9.Qd2 h5 10.Bb3 Na5 11.O-O-O Nxb3+ 12.axb3 Qa5 13.Kb1 Rc8 14.Bg5 Qc5 15.Rhe1 O-O
16.h3 b5 17.Be3 b4 18.Na2 Qc7 19.Nxb4 a5 20.Na2 a4 21.bxa4 Bxa4 22.Nc3 Ra8
23.Bh6 Rfb8 24.Bxg7 Kxg7 25.Nxa4 Rxa4 26.Nb3 Rba8 27.Qe3 e5 28.Qc3 Rc4 29.Qd3 Ra6
30.g4 Qc6 31.Kc1 Qa4 32.Re2 h4 33.Qe3 Nh7 34.Rd3 g5 35.Rc3 Rd4 36.Rd3 Rc4
37.Rd5 f6 38.Qd3 Nf8 39.Kd1 Qb4 40.Rd2 Ne6 41.Rxd6 Nf4 42.Rd7+ Kg6 43.Qe3 Nxh3
44.Rd8 Rcc6 45.R2d7 Rd6+ 46.Rxd6 Rxd6+ 47.Rxd6 Qxd6+ 48.Nd2 Nf4 49.Qb3 Kh6
50.Qg8 Ng6 51.Qd5 Qb6 52.Nc4 Qg1+ 53.Kd2 Qf2+ 54.Kc3 h3 55.Nd6 Qxf3+ 56.Kb4 Qxg4
57.Qg8 Qf4 58.Nf7+ Kh5 59.Qh7+ Kg4 60.Qxg6 Kg3 61.Nd6 h2 62.Qh5 Qf3 63.Nf5+ Kg2
64.Ne3+ Qxe3 65.Qg4+ Kf1 66.Qf5+ Ke1 67.Qh7 Qd2+  0-1

[Event "Wch U18"]
[Site "Oropesa del Mar"]
[Date "1998.11.02"]
[Round "7"]
[White "Blehm, Pawel"]
[Black "Kavcic, Uros"]
[Result "1-0"]
[WhiteElo "2420"]
[BlackElo "2245"]

1.e4 c5 2.Nf3 Nc6 3.Nc3 g6 4.d4 Bg7 5.dxc5 Qa5 6.Bd3 Bxc3+ 7.bxc3 Qxc3+ 8.Bd2 Qxc5
9.O-O Nf6 10.Rb1 a6 11.Bh6 Qh5 12.Qd2 Ng4 13.Bf4 Qa5 14.Qd1 Nge5 15.Nxe5 Nxe5
16.Be2 f6 17.Be3 Qxa2 18.f4 Nf7 19.Qd4 O-O 20.e5 f5 21.Bf3 Rd8 22.Ra1 Qxc2
23.Rfc1 Qb3 24.Bd5 Qb5 25.Bc4  1-0

[Event "USA-ch Gr-B"]
[Site "Denver"]
[Date "1998.11.05"]
[Round "6"]
[White "Kaidanov, Grigory S"]
[Black "Shaked, Tal"]
[Result "1/2-1/2"]
[WhiteElo "2625"]
[BlackElo "2490"]

1.e4 c5 2.Nf3 Nc6 3.Nc3 e5 4.Bc4 d6 5.d3 Be7 6.Nd2 Nf6 7.Nf1 O-O 8.Ne3 Be6
9.Ncd5 Na5 10.Nf5 Nxd5 11.Bxd5 Nc6 12.c3 Bf6 13.Bxe6 fxe6 14.Ng3 Qd7 15.O-O b5
16.a3 c4 17.a4 a6 18.Nh5 Rab8 19.axb5 axb5 20.dxc4 bxc4 21.Nxf6+ Rxf6 22.Ra4 d5
23.Rxc4 Na5 24.Rb4 Rxb4 25.cxb4 Nc6 26.Qa4 Rf7 27.Bd2 dxe4 28.Be3 Qd5 29.b5 Nd4
30.b6 h6 31.h3 Rb7 32.Ra1 Rxb6 33.Bxh6 Qc6 34.Be3 Qxa4 35.Rxa4 Rxb2 36.Bxd4 exd4
37.Rxd4 Rb1+ 38.Kh2 Re1 39.Kg3 Kf7 40.h4 g6 41.Kf4  1/2-1/2

[Event "GER-ch"]
[Site "Bremen"]
[Date "1998.11.06"]
[Round "1"]
[White "Reichmann, Hendrik"]
[Black "Rabiega, Robert"]
[Result "0-1"]
[WhiteElo "2305"]
[BlackElo "2525"]

1.e4 c5 2.Nf3 Nc6 3.Nc3 d6 4.d4 cxd4 5.Nxd4 Nf6 6.Bc4 Qb6 7.Ndb5 Bg4 8.f3 Bd7
9.Qe2 a6 10.Be3 Qa5 11.Nd4 Rc8 12.Nb3 Qc7 13.O-O e6 14.Bd3 Ne5 15.Rae1 b5
16.Bg5 Be7 17.f4 Nxd3 18.cxd3 b4 19.Nd1 Bb5 20.e5 dxe5 21.fxe5 Nd5 22.Bxe7 Qxe7
23.Kh1 O-O 24.Rf3 Rc7 25.Nf2 Rfc8 26.Qe4 Rc2 27.Rh3 f5 28.exf6 Nxf6 29.Qh4 Bc6
30.Rhe3 Bd5 31.Nd4 Rxb2 32.Nf5 Qf8 33.Nd4 Qf7 34.Nf3 Qg6 35.Rg1 h6 36.Qd4 Rxf2
37.Nh4 Qg5 38.Rg3  0-1

[Event "GER-ch"]
[Site "Bremen"]
[Date "1998.11.06"]
[Round "1"]
[White "Kindermann, Stefan"]
[Black "Koscielski, Janusch"]
[Result "1-0"]
[WhiteElo "2540"]
[BlackElo "2320"]

1.e4 c5 2.Nc3 Nc6 3.Nge2 e5 4.Nd5 d6 5.Nec3 Be7 6.Bc4 Nf6 7.d3 O-O 8.O-O Nxd5
9.Nxd5 Bg5 10.f4 exf4 11.Bxf4 Ne5 12.Bb3 Be6 13.d4 Bxf4 14.Nxf4 Bxb3 15.axb3 Nc6
16.dxc5 dxc5 17.Nd5 Qd6 18.Nf6+ Qxf6 19.Rxf6 gxf6 20.Qg4+ Kh8 21.Qf5 Rae8
22.Qxf6+ Kg8 23.Qg5+ Kh8 24.Qxc5  1-0

[Event "USA-ch Gr-A"]
[Site "Denver"]
[Date "1998.11.06"]
[Round "7"]
[White "Kudrin, Sergey"]
[Black "Shabalov, Alexander"]
[Result "1/2-1/2"]
[WhiteElo "2540"]
[BlackElo "2645"]

1.e4 c5 2.Nf3 Nc6 3.Nc3 e5 4.Bc4 d6 5.d3 Be7 6.Nd2 Bg5 7.h4 Bxd2+ 8.Bxd2 Nf6
9.Bg5 h6 10.Bxf6 Qxf6 11.Nd5 Qd8 12.Ne3 Be6 13.c3 Qd7 14.Qf3 Ne7 15.Qg3 O-O
16.O-O f5 17.f4 fxe4 18.dxe4 Bxc4 19.Nxc4 Qe6 20.b3 exf4 21.Rxf4 d5 22.exd5 Nxd5
23.Rxf8+ Rxf8 24.Re1 Qf6 25.Ne5  1/2-1/2

[Event "Wch U18 Girls"]
[Site "Oropesa del Mar"]
[Date "1998.11.06"]
[Round "10"]
[White "Paehtz, Elisabeth"]
[Black "Gritsayeva, Oksana"]
[Result "1-0"]
[WhiteElo "2230"]
[BlackElo "2185"]

1.e4 c5 2.Nc3 Nc6 3.Nge2 Nf6 4.d4 cxd4 5.Nxd4 g6 6.Nxc6 bxc6 7.e5 Ng8 8.Bc4 Qa5
9.O-O Qxe5 10.Re1 Qg7 11.Bf4 e6 12.Nd5 g5 13.Nc7+ Ke7 14.Bd6+ Kd8 15.Nxa8 Bb7
16.Bxf8 Qxf8 17.Qd4 Bxa8 18.Qxh8  1-0

[Event "Chigorin mem"]
[Site "St. Petersburg"]
[Date "1998.11.06"]
[Round "6"]
[White "Sepman, Yelius"]
[Black "Ivanov, Sergey"]
[Result "1/2-1/2"]
[WhiteElo "2145"]
[BlackElo "2550"]

1.e4 c5 2.Nc3 Nc6 3.Nf3 d6 4.d4 cxd4 5.Nxd4 Nf6 6.Be2 e5 7.Nb3 Be7 8.O-O O-O
9.Kh1 a5 10.Be3 Be6 11.f4 a4 12.Nd2 a3 13.b3 exf4 14.Bxf4 d5 15.exd5 Nxd5
16.Nxd5 Bxd5 17.c4 Be6 18.Ne4 Qxd1 19.Raxd1 Nb4 20.Rd2 Rfd8 21.Rfd1 Kf8 22.Bd6 Bxd6
23.Nxd6 b6 24.Kg1 Ra7 25.Nb5 Rxd2 26.Rxd2 Rd7 27.Rxd7 Bxd7 28.Nxa3 Ke7 29.Kf2 Kd6
30.Ke3 Kc5 31.Bd3 Nxa2 32.Nc2 h6 33.g3 g5 34.h4 f6 35.Kd2 Bc8 36.Ke3 Nb4
37.Ne1 Bg4 38.hxg5 fxg5 39.Kd2 Kd4 40.Bg6 h5 41.Ng2 Nc6 42.Ne3 Bf3 43.Bf7 Ke5
44.Nd5 h4 45.gxh4 gxh4 46.Ke3 Bxd5 47.cxd5 Nd4 48.b4 Nc2+ 49.Kf3 Nxb4 50.Kg4 Nxd5
51.Kxh4 b5 52.Be8 b4 53.Ba4 Nc3 54.Bb3 Kf4 55.Kh3 Ne4 56.Kg2 Ke3 57.Bg8 Nd2
58.Ba2 Ke2 59.Kg1 Ke1 60.Kg2 Ke2 61.Kg1 Nf3+ 62.Kg2 Ne1+ 63.Kg1 Nd3 64.Kg2 Nc1
65.Bg8 Ke3 66.Kf1 Kd2 67.Kf2 Nd3+ 68.Kf1 Nb2 69.Ba2 Nd1 70.Bg8 Kd3 71.Ke1 Ne3
72.Ba2 Kc3 73.Ke2 Nc2 74.Kd1 Nd4 75.Bg8 Nb5 76.Kc1 Na3 77.Bf7  1/2-1/2

[Event "SLO-chT"]
[Site "Bled"]
[Date "1998.11.07"]
[Round "1"]
[White "Mazi, Leon"]
[Black "Jelen, Igor"]
[Result "0-1"]
[WhiteElo "2415"]
[BlackElo "2345"]

1.e4 c5 2.Nf3 Nc6 3.Nc3 e5 4.Bc4 Be7 5.d3 d6 6.Nd5 Nf6 7.c3 O-O 8.a4 Nxd5
9.Bxd5 Be6 10.Bxe6 fxe6 11.O-O Qd7 12.Rb1 a6 13.h3 b5 14.axb5 axb5 15.Nh2 d5
16.exd5 exd5 17.Ng4 c4 18.dxc4 bxc4 19.Ne3 Rad8 20.Ra1 Bc5 21.Ra6 Rf6 22.Qa4 Ne7
23.Ng4 Rxa6 24.Qxa6 Nc6 25.Rd1 Be7 26.Ne3 Qe6 27.Qb5 Bg5 28.Re1 e4 29.Nc2 Bxc1
30.Rxc1 Ne5 31.Nd4 Qf7 32.Qb6  0-1

[Event "GER-ch"]
[Site "Bremen"]
[Date "1998.11.07"]
[Round "2"]
[White "Bangiev, Alexander"]
[Black "Loew, Gerald"]
[Result "1-0"]
[WhiteElo "2395"]
[BlackElo "2295"]

1.e4 c5 2.Nc3 Nc6 3.Nf3 g6 4.d4 cxd4 5.Nxd4 Bg7 6.Be3 Nf6 7.Bc4 Qa5 8.O-O O-O
9.Bb3 d6 10.h3 Bd7 11.f4 Rac8 12.Nf3 Rfd8 13.Qe2 Be8 14.Rad1 Nd7 15.Bd2 Qb6+
16.Kh1 e6 17.f5 Nc5 18.fxe6 Nxe6 19.Nd5 Qc5 20.c3 Rd7 21.Ng5 Ne5 22.Nxe6 fxe6
23.Nf4 Bf7 24.Nxe6 Qa5 25.Bf4 Re7 26.Rxd6 Rce8 27.Nxg7 Kxg7 28.Bg5 Bxb3 29.axb3 Re6
30.Bf6+ Kg8 31.Qd2 Rxd6 32.Qxd6 Nf7 33.Qd7 Rf8 34.Be7 Qa6 35.c4  1-0

[Event "BEL-chT9899"]
[Site "Antwerp"]
[Date "1998.11.08"]
[Round "2"]
[White "Knoppert, Erik G J"]
[Black "Luminet, Denis"]
[Result "1/2-1/2"]
[WhiteElo "2385"]
[BlackElo "2285"]

1.e4 c5 2.Ne2 Nc6 3.Nbc3 d6 4.g3 g6 5.Bg2 Bg7 6.O-O e5 7.d3 Nge7 8.f4 O-O
9.Be3 Nd4 10.Qd2 Be6 11.h3 Qd7 12.Kh2 Rac8 13.Rae1 b5  1/2-1/2

[Event "ISR-ch"]
[Site "Ramat Aviv"]
[Date "1998.11.08"]
[Round "1.1"]
[White "Gruenfeld, Yehuda"]
[Black "Ofek, Ram"]
[Result "1/2-1/2"]
[WhiteElo "2475"]
[BlackElo "2245"]

1.e4 c5 2.Nf3 Nc6 3.Nc3 e5 4.Bc4 Be7 5.d3 d6 6.a3 Bg4 7.Nd5 Nf6 8.c3 O-O
9.h3 Be6 10.O-O Na5 11.Nxf6+ Bxf6 12.Bd5 Bxd5 13.exd5 b5 14.b4 e4 15.dxe4 Bxc3
16.Rb1 cxb4 17.Qd3 Nc4 18.axb4 Bf6 19.Nd4 Bxd4 20.Qxd4 f5 21.Bb2 Qf6 22.Qxc4 bxc4
23.Bxf6 Rxf6 24.Rfe1 Rb8 25.f3 fxe4 26.Rxe4 Rf5 27.Ra1 Rb7 28.Rd4 Rc7 29.Kf2 c3
30.Ke2 c2 31.Kd2 Rf8 32.Rc1 Rfc8 33.Re4 Kf7 34.Re6 Rc4 35.Rxd6 Rd4+ 36.Ke2 Re8+
37.Re6 Rxe6+ 38.dxe6+ Kxe6 39.Rxc2 Rxb4 40.Rc7 Rb2+ 41.Kf1 Kf6 42.Rxa7 h5
43.Ra4 Rc2 44.h4 g6 45.Kg1 Rb2  1/2-1/2

[Event "Donetzk zt"]
[Site "Donetsk"]
[Date "1998.11.09"]
[Round "7"]
[White "Mikhaletz, Lubomir"]
[Black "Moroz, Alexander"]
[Result "1/2-1/2"]
[WhiteElo "2495"]
[BlackElo "2490"]

1.e4 c5 2.Nf3 Nc6 3.Nc3 e5 4.Bc4 Be7 5.d3 d6 6.Nd2 Nf6 7.Nf1 O-O 8.a4 a6
9.Ne3 Rb8 10.Ncd5 Nxd5 11.Nxd5 Bg5 12.c3 Bxc1 13.Qxc1 Ne7 14.O-O Nxd5 15.Bxd5 Be6
16.Bxe6 fxe6 17.Qe3 Qf6 18.a5 Qf4 19.Qe2 Rbd8 20.Ra3 d5 21.Rb3 dxe4 22.dxe4 Rd2
23.Qe3 Qxe3 24.fxe3 Rxf1+ 25.Kxf1 Rd7 26.Rb6 Kf7 27.Ke2 Kf6 28.Kf3 c4 29.Ke2 h5
30.h4 Rc7 31.Kf3 Rc5 32.Rxb7 Rxa5 33.Rb4 Ra2 34.g4 hxg4+ 35.Kxg4 a5 36.Rb5 Ra1
37.Rc5 Ra2 38.Rb5 Ra1 39.h5 Rg1+ 40.Kf3 Rf1+ 41.Ke2 Rh1 42.Rxa5 Rxh5 43.Rc5 Rh2+
44.Kf3 Rxb2 45.Rxc4 Ke7 46.Rc7+ Kd6 47.Rxg7 Rc2 48.Ra7  1/2-1/2

[Event "Chigorin mem"]
[Site "St. Petersburg"]
[Date "1998.11.09"]
[Round "9"]
[White "Sinkevich, Petr"]
[Black "Krasnov, Vasiliy G"]
[Result "1-0"]
[WhiteElo "2230"]
[BlackElo "2265"]

1.e4 c5 2.Nc3 Nc6 3.Nge2 d6 4.g3 g6 5.Bg2 Bg7 6.d3 Rb8 7.Be3 b5 8.Qd2 b4
9.Nd1 h5 10.h3 Bd7 11.c3 a5 12.d4 cxd4 13.cxd4 e5 14.Rc1 h4 15.g4 f6 16.b3 g5
17.Nb2 Nce7 18.Nc4 Bb5 19.dxe5 dxe5 20.Nd6+ Kf8 21.Bc5 Nh6 22.Bf3 Kg8 23.Nxb5 Qxd2+
24.Kxd2 Rxb5 25.Bxe7 Kf7 26.Rc7 Kg6 27.Rhc1 Re8 28.Ke1 Ng8 29.Bc5 Ra8 30.Rd1 Rbb8
31.Nc1 Rc8 32.Rdd7 Rxc7 33.Rxc7 Bf8 34.Bxf8 Rxf8 35.Be2 Nh6 36.Bc4 Rd8 37.f3  1-0

[Event "Escaldes zt"]
[Site "Escaldes"]
[Date "1998.11.10"]
[Round "5"]
[White "De la Riva Aguado, Oscar"]
[Black "Lautier, Joel"]
[Result "0-1"]
[WhiteElo "2510"]
[BlackElo "2625"]

1.e4 c5 2.Nf3 Nc6 3.Nc3 g6 4.d4 cxd4 5.Nxd4 Bg7 6.Be3 Nf6 7.Bc4 Qa5 8.O-O O-O
9.Bb3 d6 10.h3 Bd7 11.f4 Rac8 12.Nf3 Rfd8 13.Qe1 Be8 14.Rd1 e6 15.f5 exf5
16.Qh4 Rd7 17.Bh6 Ne7 18.Ng5 Qe5 19.Rde1 Nh5 20.Bxg7 Kxg7 21.exf5 Nxf5 22.Rxe5 Nxh4
23.Re4 h6 24.Bxf7 Bxf7 25.Rxf7+ Rxf7 26.Nxf7 Nf5 27.g4 Kxf7 28.gxf5 gxf5
29.Rh4 Kg6 30.Rd4 Rc6 31.Kf2 Nf6 32.Ke3 Kf7 33.Kd3 Nd7 34.Ke3 Ne5 35.Rb4 b6
36.a4 Kg6 37.Kd2 Rc4 38.Rb5 Rh4 39.b3 Rxh3 40.Ne2 Rh4 41.Rd5 Nf7 42.Nd4 f4  0-1

[Event "SVK-chT2A 9899"]
[Site "SVK"]
[Date "1998.11.14"]
[Round "3"]
[White "Horak, Ivan"]
[Black "Janos, Jozef"]
[Result "1-0"]
[WhiteElo "2095"]
[BlackElo "2185"]

1.e4 c5 2.Nc3 Nc6 3.Nf3 g6 4.d4 cxd4 5.Nxd4 Bg7 6.Be3 d6 7.Qd2 Nf6 8.f3 O-O
9.O-O-O Bd7 10.Kb1 Qb8 11.g4 Rc8 12.h4 h5 13.Nd5 hxg4 14.Nxf6+ Bxf6 15.c3 b5
16.Nxc6 Bxc6 17.h5 gxh5 18.Rxh5 gxf3 19.Bd3 Kf8 20.Bg5 Be5 21.Bf4 Bf6 22.Qh2 e5
23.Rf5 Bg7 24.Bh6 Be8 25.Qh4 Bxh6 26.Qxh6+ Ke7 27.Qf6+ Kd7 28.Bxb5+ Rc6 29.Rxe5 Kc7
30.Bxc6 Kxc6 31.Red5 Kb7 32.Rxd6 Qc7 33.Qxf3 Bc6 34.Qf4 Re8 35.e5 Re7 36.Qb4+ Qb6
37.Qxb6+ axb6 38.Re1 Kc7 39.Rf6 Bd5 40.b3  1-0

[Event "AUT-chT2O 9899"]
[Site "AUT"]
[Date "1998.11.15"]
[Round "4"]
[White "Holzer, Gerhard"]
[Black "Krpelan, Wolfgang"]
[Result "1-0"]
[WhiteElo "2250"]
[BlackElo "2190"]

1.e4 c5 2.Nf3 Nc6 3.Nc3 d6 4.d4 cxd4 5.Nxd4 Nf6 6.Be2 e6 7.O-O Be7 8.Kh1 a6
9.f4 Qc7 10.Bf3 Bd7 11.Nb3 b5 12.e5 dxe5 13.fxe5 Qxe5 14.Bf4 Qxf4 15.Bxc6 Qb8
16.Bxd7+ Nxd7 17.a4 b4 18.Ne4 Ne5 19.Qe2 O-O 20.Rae1 Ng6 21.Nbc5 Qc7 22.Nd3 Rac8
23.Rc1 Qc6 24.b3 f5 25.Nd2 Bg5 26.Rfd1 Bxd2 27.Rxd2 a5 28.Nb2 Rfd8 29.Nc4 Rxd2
30.Qxd2 Qc7 31.Rd1 Ne5 32.Qe3 Nxc4 33.Qxe6+ Kh8 34.bxc4 h6 35.h3 Rf8 36.Rd6 f4
37.Qd5 Qe7 38.Re6 Qh4 39.Qd4 Rd8 40.Rxh6+ Qxh6 41.Qxd8+ Kh7 42.Qxa5 f3 43.Qf5+ Kh8
44.Qxf3 Qc1+ 45.Kh2 Qa3 46.Qa8+ Kh7 47.Qe4+ Kh8 48.Qe8+ Kh7 49.c5 b3  1-0

[Event "Tanta op"]
[Site "Tanta"]
[Date "1998.11.17"]
[Round "2"]
[White "Hamed, Ahmed"]
[Black "Frhat, Ali"]
[Result "1/2-1/2"]
[WhiteElo "2320"]
[BlackElo "2255"]

1.e4 c5 2.Ne2 Nc6 3.Nbc3 d6 4.d4 cxd4 5.Nxd4 Nf6 6.Bc4 Qb6 7.Nb3 e6 8.O-O a6
9.Be3 Qc7 10.Nd2 b5 11.Bb3 Na5 12.f4 Bb7 13.a3 Nxb3 14.cxb3 Bc6 15.Qe2 Rd8
16.Rac1 Qb7 17.Bd4 Be7 18.b4 Qa8 19.Bb6 Rd7  1/2-1/2

[Event "Owens Corning"]
[Site "Wrexham"]
[Date "1998.11.18"]
[Round "1"]
[White "Ward, Christopher"]
[Black "Dineley, Richard"]
[Result "1-0"]
[WhiteElo "2505"]
[BlackElo "2275"]

1.e4 c5 2.Nc3 Nc6 3.Bb5 Nd4 4.Bc4 g6 5.Nce2 Nxe2 6.Qxe2 Bg7 7.c3 e6 8.f4 Ne7
9.d3 O-O 10.Nf3 d5 11.Bb3 b6 12.e5 Ba6 13.Bc2 Nc6 14.O-O Qc7 15.Bd2 Rae8
16.Rae1 Bc8 17.Ba4 Bd7 18.Bb3 Na5 19.Bc2 Nc6 20.Qf2 f6 21.exf6 Bxf6 22.Qg3 Bg7
23.h4 Ne7 24.h5 Nf5 25.Qh2 gxh5 26.Ne5 Rf6 27.Bd1 h4 28.Bh5 Ref8 29.Ng4 Ng3
30.Qxh4 Nxf1 31.Nxf6+ Bxf6 32.Qg4+ Kh8 33.Rxf1 Bc8 34.Qh3 e5 35.Qf3 Bb7 36.fxe5 Bg7
37.Qxf8+ Bxf8 38.Rxf8+ Kg7 39.Rf6 Qxe5 40.Rf7+ Kg8 41.Bh6 Qe1+ 42.Rf1 Qe7
43.Bg4  1-0

[Event "Wch U20 Girls"]
[Site "Calicut"]
[Date "1998.11.19"]
[Round "3"]
[White "Houska, Jovanka"]
[Black "Ghate, Swati"]
[Result "1-0"]
[WhiteElo "2190"]
[BlackElo "2190"]

1.e4 c5 2.Nc3 Nc6 3.Bb5 g6 4.Bxc6 dxc6 5.d3 Bg7 6.f4 Nf6 7.Nf3 b5 8.O-O O-O
9.Qe1 a5 10.Qh4 c4 11.e5 Nd5 12.dxc4 Nxc3 13.bxc3 bxc4 14.Ba3 Re8 15.Rad1 Qb6+
16.Kh1 Qa7 17.Nd4 c5 18.Nf3 Bb7 19.f5 Bxf3 20.Rxf3 Bxe5 21.Rh3 h5 22.fxg6 fxg6
23.Qg5 Bg7 24.Qxg6 Rf8 25.Qe6+ Rf7 26.Rxh5 Qa6 27.Qe4 Rb8 28.Bxc5  1-0

[Event "BL2-N9899"]
[Site "Germany"]
[Date "1998.11.22"]
[Round "2.1"]
[White "Bangiev, Alexander"]
[Black "Lagunow, Alexander"]
[Result "1/2-1/2"]
[WhiteElo "2395"]
[BlackElo "2440"]

1.e4 c5 2.Nc3 Nc6 3.Bb5 Nd4 4.Bc4 g6 5.Nge2 Bg7 6.Nxd4 cxd4 7.Qf3 Nh6 8.Ne2 e6
9.d3 b5 10.Bb3 Qb6 11.Bxh6 Bxh6 12.Qf6 O-O 13.Qxd4 Qa5+ 14.c3 Bg7 15.Qd6 b4
16.cxb4 Qg5 17.O-O Qd2 18.Rfe1 Qxb2 19.Rab1 Qa3 20.Bc4 Re8 21.Qc7 Bf8 22.Rb3 Qxa2
23.Nc3 Qd2 24.Rd1 Qg5 25.d4 Qd8  1/2-1/2

[Event "Tanta op"]
[Site "Tanta"]
[Date "1998.11.23"]
[Round "7"]
[White "Arizmendi Martinez, Julen Luis"]
[Black "Dambrauskas, Virginijus"]
[Result "1/2-1/2"]
[WhiteElo "2440"]
[BlackElo "2335"]

1.e4 c5 2.Nf3 Nc6 3.Nc3 e5 4.Bc4 d6 5.d3 Be7 6.Nd2 a6 7.a4 Bg5 8.Qh5 g6 9.Qd1 Be6
10.Nf1 Bxc1 11.Qxc1 Qd7 12.Ne3 Nge7  1/2-1/2

[Event "Iona Tech Masters"]
[Site "Kilkenny"]
[Date "1998.11.27"]
[Round "1"]
[White "O'Donovan, Richard"]
[Black "Gormally, Daniel"]
[Result "0-1"]
[WhiteElo "2195"]
[BlackElo "2400"]

1.e4 c5 2.Nc3 Nc6 3.Nf3 Nf6 4.Bb5 e6 5.Bxc6 bxc6 6.e5 Nd5 7.d3 Be7 8.O-O O-O
9.Ne4 f6 10.c4 Nc7 11.Be3 fxe5 12.Nxe5 Qe8 13.Qa4 Na6 14.a3 Rb8 15.Rab1 Bb7
16.b4 cxb4 17.axb4 d6 18.Nf3 Ra8 19.Nd4 Nc7 20.Qa5 Qd7 21.Rfd1 e5 22.Nb3 Ne6
23.Qa4 a6 24.Na5 Rad8 25.Nxb7 Qxb7 26.Ra1 Ra8 27.Qa5 d5 28.Nc5 Bxc5 29.Bxc5 Rf7
30.Re1 Nf4 31.Rxe5 Nxd3 32.Qxa6 Rff8 33.Rf5 Rfe8 34.Ba7 Qxa6  0-1

[Event "National Congress 29th"]
[Site "Philadelphia"]
[Date "1998.11.27"]
[Round "1"]
[White "Shabalov, Alexander"]
[Black "Kriventsov, Stanislav G"]
[Result "1-0"]
[WhiteElo "2645"]
[BlackElo "2305"]

1.e4 c5 2.Nf3 Nc6 3.Nc3 e5 4.Bc4 d6 5.d3 Be7 6.Nd2 Bg5 7.h4 Bxd2+ 8.Bxd2 Nf6
9.Bg5 h6 10.Bxf6 Qxf6 11.Nd5 Qd8 12.c3 Be6 13.Ne3 Qd7 14.Bxe6 fxe6 15.Qh5+ Kd8
16.a3 Kc7 17.b4 Raf8 18.b5 Na5 19.a4 Rf4 20.g3 Qf7 21.Qxf7+ Rxf7 22.Nc4 Nxc4
23.dxc4 Rf3 24.Rc1 Rhf8 25.O-O Rd3 26.Rc2 Rff3 27.Rfc1 h5 28.Kg2 g6 29.a5 b6
30.Kf1 d5 31.cxd5 exd5 32.exd5 c4 33.Re1 Kd6 34.Rce2 Rxd5 35.Kg2 Rxc3 36.f4 exf4
37.gxf4 Kc5 38.Re7 Rd2+ 39.Kg1 Rg3+ 40.Kf1 Rf3+ 41.Kg1 c3 42.Rg7 Kxb5 43.Re5+ Kb4
44.Rb7 c2 45.Rxb6+ Ka4 46.Rc5 Ra3 47.Rxc2 Ra1+  1-0

[Event "Iona Tech Masters"]
[Site "Kilkenny"]
[Date "1998.11.28"]
[Round "3"]
[White "Heidenfeld, Mark"]
[Black "Richards, John"]
[Result "1-0"]
[WhiteElo "2335"]
[BlackElo "2050"]

1.e4 c5 2.Nf3 Nc6 3.Nc3 g6 4.d4 cxd4 5.Nxd4 Bg7 6.Be3 Nf6 7.Be2 O-O 8.O-O d5
9.exd5 Nxd5 10.Nxd5 Nxd4 11.Bxd4 Qxd5 12.Bxg7 Qxd1 13.Rfxd1 Kxg7 14.Bf3 Be6
15.b3 Rac8 16.c4 b6 17.Kf1 Rfd8 18.Ke2 Kf6 19.Ke3 Ke5 20.Bb7 Rxd1 21.f4+ Kf6
22.Rxd1 Rc7 23.Be4 Bc8 24.Rd8 Bf5 25.Kd4 h5 26.Bf3 Bb1 27.a3 Bf5 28.b4 Be6
29.Be2 Bc8 30.Bd3 Bb7 31.g3 Ke6 32.Kc3 Bf3 33.Rb8 Kd6 34.Rf8 e6 35.Rd8+ Ke7
36.Rd4 Bg2 37.Bc2 Bf3 38.Kb3 Bg2 39.Bd3 Bf3 40.Bf1 Bb7 41.Rd2 Bf3 42.Kc3 Bb7
43.Rd1 Bf3 44.Re1 Kd6 45.Bd3 Bb7 46.Kd4 Bf3 47.Re5 Bg2 48.Rg5 Ke7 49.a4 Bh3
50.Rb5 Rd7+ 51.Kc3 Bg2 52.a5 Bc6 53.Rg5 Rc7 54.Kd2 Bb7 55.Re5 Ba6  1-0

[Event "Wch U20 Girls"]
[Site "Calicut"]
[Date "1998.11.29"]
[Round "12"]
[White "Houska, Jovanka"]
[Black "Shah, Pallavi G"]
[Result "0-1"]
[WhiteElo "2190"]
[BlackElo "2130"]

1.e4 c5 2.Nc3 Nc6 3.Bb5 Nd4 4.Bc4 g6 5.Nce2 Bg7 6.Nxd4 cxd4 7.d3 e6 8.Ne2 Ne7
9.O-O d5 10.Bb3 h6 11.f4 O-O 12.Ng3 Kh7 13.Bd2 b5 14.Qf3 a5 15.a3 dxe4 16.dxe4 Bd7
17.a4 Qc7 18.axb5 Bxb5 19.Rf2 Bc6 20.Qd3 Bd7 21.Bc4 Qb6 22.Qa3 Nc6 23.f5 d3
24.Bc3 Ne5 25.Qb3 Qc5 26.cxd3 Ng4 27.Rf1 Nxf2 28.Rxf2 Bd4 29.Bxd4 Qxd4 30.Ne2 Qa7
31.f6 Rab8 32.Qc3 Bb5 33.Nd4 Bxc4 34.Nc6 Qb6 35.Nxb8 Bb5 36.Nd7 Bxd7 37.Qa3 Qb4
38.Qa1 Rc8 39.h4 Qd4 40.Qd1 Ba4 41.Qf3 Rc2 42.h5 g5 43.e5 Rxb2 44.Kh1 Qxf2
45.Qf4  0-1